000 00697cam a2200217 a 4500
001 ca 25001086
003 DLC
005 20260227111115.0
008 830126s1924 ksuc 000 0 eng
010 _aca 25001086
040 _aDLC
_cDLC
_dDLC
050 0 0 _aPS3252
_b.C7
051 _aAC1
_b.L8 no. 741
100 1 _aWhittier, John Greenleaf,
_d1807-1892.
240 1 0 _aPoems.
_kSelections
245 1 0 _aPoems of John Greenleaf Whittier /
_cedited, with introduction and notes, by Nelson Antrim Crawford.
260 _aGirard, Kan. :
_bHaldeman-Julius Co.,
_cc1924.
300 _a64 p. :
_bport. ;
_c13 cm.
440 0 _aLittle blue book ;
_vno. 741
700 1 _aCrawford, Nelson Antrim,
_d1888-
999 _c16052
_d16052